000 00533nam a2200193 a 4500
001 155652
003 OSt
005 20210920130734.0
008 180315 ### HIN
020 _a9781107109544
082 _a338.954
_bT15S
100 _aTantri, Malini L.
245 _aSpecial economic zones in India : policy, performance and prospects
_cby Malini L Tantri
260 _aDelhi
_bCambridge University Prees
_c2016
300 _axviii, 171p.
653 _aIndia
653 _aEconomic zoning
942 _2ddc
_cBK
999 _c18092
_d18092